U.S. State Capital Skylines Quiz - Statistics

General Stats
  • This quiz has been taken 347 times
    343 since last reset
  • The average score is 16 of 40
Answer Stats
Picture Answer % Correct
Nashville
77%
Honolulu
74%
Atlanta
69%
Boise
69%
Denver
68%
Boston
64%
Austin
63%
Oklahoma City
60%
Juneau
57%
Salt Lake City
57%
Phoenix
55%
Columbus
54%
Albany
49%
Hartford
47%
Indianapolis
45%
Madison
41%
Augusta
39%
Helena
38%
Annapolis
36%
Saint Paul
36%
Des Moines
35%
Lincoln
35%
Providence
35%
Richmond
34%
Lansing
30%
Raleigh
29%
Baton Rouge
28%
Sacramento
26%
Little Rock
25%
Montgomery
23%
Charleston
21%
Columbia
19%
Springfield
19%
Jackson
18%
Tallahassee
18%
Pierre
17%
Topeka
17%
Frankfort
15%
Harrisburg
14%
Trenton
10%
No matching quizzes found
Score Distribution
Percent of People with Each Score
Percentile by Number Answered
Your Score History
You have not taken this quiz since the last reset